000 00488nam a2200181Ia 4500
008 240925s9999 xx 000 0 und d
020 _a9780007350834
082 _a823.8 DOY
100 _aDoyle ,Conan Arthur
245 4 _aThe Adventures of Sherlock Holmes
250 _aNA
260 _alondon:
_bHarper Collins pub
_c,2013.
300 _a375p.
_b0
_fOriginal
500 _aIncludes Word Dictionary
600 _aHumanities & Natural Science
650 _aLiterature
942 _cBK
999 _c14231
_d14231